000 01037nam0a22002651 4500
001 rc\4520189
005 20130416180552.2
021 _aRU
_b[57-47134]
035 _a(NLR Aleph) 008624690
090 _a8845152
_c8845152
100 _a20130416d1957 |||y0rusy50 ca
101 0 _arus
102 _aRU
105 _ay z |||||
200 1 _aНекоторые вопросы преподавания истории в школе
_fАкад. пед. наук РСФСР. Заоч. метод. консультация. Ин-т методов обучения
210 _aМосква
_cИзд-во Акад. пед. наук РСФСР
_d1957
215 _a112 с.
_d20
606 _aИстория
_xМетодика преподавания
_2psbo
700 1 _aКинкулькин
_bА. Т.
_f1917-
_gАльберт Тимофеевич
701 1 _aЛейбенгруб
_bП. С.
_gПавел Соломонович
801 0 _aRU
_bNLR
_gpsbo
801 1 _aRU
_bELAR
_2rusmarc
852 _aNLR
_j57-3/3618
942 _cBOOK
980 _aNB